South American Capitals - Statistics

General Stats
  • This quiz has been taken 678 times
  • The average score is 10 of 13
Answer Stats
Country Capital City % Correct
Brazil Brasília
96%
Argentina Buenos Aires
91%
Peru Lima
89%
Colombia Bogotá
87%
Chile Santiago
87%
Uruguay Montevideo
78%
Venezuela Caracas
77%
Ecuador Quito
76%
Bolivia (governmental) La Paz
73%
Guyana Georgetown
68%
Bolivia (constitutional) Sucre
63%
Paraguay Asunción
61%
Suriname Paramaribo
56%
No matching quizzes found
Score Distribution
Percent of People with Each Score
Percentile by Number Answered
Your Score History
You have not taken this quiz